Blood of Ambrose (Record no. 117656)

MARC details
000 -LEADER
fixed length control field 00525nam a2200193Ia 4500
008 - FIXED-LENGTH DATA ELEMENTS--GENERAL INFORMATION
fixed length control field 191130s2009##################000#0#eng##
020 ## - INTERNATIONAL STANDARD BOOK NUMBER
ISBN 9781591027362
082 ## - DEWEY DECIMAL CLASSIFICATION NUMBER
Classification number 813.6 ENG
100 ## - MAIN ENTRY--AUTHOR NAME
Personal name Enge, James
245 ## - TITLE STATEMENT
Title Blood of Ambrose
Statement of responsibility, etc James Enge
260 ## - PUBLICATION, DISTRIBUTION, ETC. (IMPRINT)
Place of publication Amherst, NY
Name of publisher Pyr
Year of publication c2009
300 ## - PHYSICAL DESCRIPTION
Number of Pages 401 p. ; 24 cm
650 ## - SUBJECT ADDED ENTRY--TOPICAL TERM
Topical Term Ambrosius, Morlock (Fictitious character) - Fiction
991 ## -
-- 318304
Holdings
Withdrawn status Lost status Damaged status Not for loan Home library Current library Date acquired Full call number Accession Number Price effective from Koha item type
        Anna Centenary Library Anna Centenary Library 12.10.2020 813.6 ENG 426278 12.10.2020 English Books

Find us on the map